ARRUPE JESUIT UNIVERSITY

CORONAVIRUS -STOP THE SPREAD - CLEAN,DISINFECT,COVER

From liberator to dictator : (Record no. 3043)

MARC details
000 -LEADER
fixed length control field 01314cam a2200337 a 4500
001 - CONTROL NUMBER
control field 16060888
005 - DATE AND TIME OF LATEST TRANSACTION
control field 20170602100850.0
008 - FIXED-LENGTH DATA ELEMENTS--GENERAL INFORMATION
fixed length control field 100120s2009 sa a 001 0aeng
010 ## - LIBRARY OF CONGRESS CONTROL NUMBER
LC control number 2009404648
015 ## - NATIONAL BIBLIOGRAPHY NUMBER
National bibliography number GBA8D7189
Source bnb
016 7# - NATIONAL BIBLIOGRAPHIC AGENCY CONTROL NUMBER
Record control number 014845593
Source Uk
020 ## - INTERNATIONAL STANDARD BOOK NUMBER
International Standard Book Number 9780864867315 (pbk.)
020 ## - INTERNATIONAL STANDARD BOOK NUMBER
International Standard Book Number 086486731X (pbk.)
035 ## - SYSTEM CONTROL NUMBER
System control number (OCoLC)ocn277068954
040 ## - CATALOGING SOURCE
Original cataloging agency UKM
Transcribing agency UKM
Modifying agency EMU
-- YDXCP
-- DLC
042 ## - AUTHENTICATION CODE
Authentication code lccopycat
050 00 - LIBRARY OF CONGRESS CALL NUMBER
Classification number DT2999.A97
Item number A3 2009
082 04 - DEWEY DECIMAL CLASSIFICATION NUMBER
Classification number 968.91051092
Edition number 22
100 1# - MAIN ENTRY--PERSONAL NAME
Personal name Auret, Michael.
9 (RLIN) 16862
245 10 - TITLE STATEMENT
Title From liberator to dictator :
Remainder of title an insider's account of Robert Mugabe's descent into tyranny /
Statement of responsibility, etc Michael Auret ; [foreword by Trevor Ncube].
260 ## - PUBLICATION, DISTRIBUTION, ETC. (IMPRINT)
Place of publication, distribution, etc Cape Town :
Name of publisher, distributor, etc David Philip,
Date of publication, distribution, etc 2009.
300 ## - PHYSICAL DESCRIPTION
Extent xviii, 179 p. :
Other physical details ill. ;
Dimensions 21 cm.
600 10 - SUBJECT ADDED ENTRY--PERSONAL NAME
Personal name Auret, Michael.
9 (RLIN) 16862
600 10 - SUBJECT ADDED ENTRY--PERSONAL NAME
Personal name Mugabe, Robert Gabriel,
Dates associated with a name 1924-
9 (RLIN) 17726
650 #0 - SUBJECT ADDED ENTRY--TOPICAL TERM
Topical term or geographic name as entry element Politicians
Geographic subdivision Zimbabwe
Form subdivision Biography.
9 (RLIN) 22831
651 #0 - SUBJECT ADDED ENTRY--GEOGRAPHIC NAME
Geographic name Zimbabwe
General subdivision Politics and government
Chronological subdivision 1980-
9 (RLIN) 32002
906 ## - LOCAL DATA ELEMENT F, LDF (RLIN)
a 7
b cbc
c copycat
d 2
e ncip
f 20
g y-gencatlg
942 ## - ADDED ENTRY ELEMENTS (KOHA)
Source of classification or shelving scheme Library of Congress Classification
Item type Monograph ( Printed materials)
Holdings
Withdrawn status Lost status Source of classification or shelving scheme Damaged status Not for loan Collection code Home library Current library Shelving location Date acquired Total Checkouts Full call number Barcode Date last seen Date last borrowed Copy number Price effective from Koha item type
    Library of Congress Classification     Main Collection ARRUPE LIBRARY ARRUPE LIBRARY   27/02/2013 9 DT2999.A97A3 2009 46403973 11/04/2019 29/03/2019 1 27/02/2013 Monograph ( Printed materials)
    Library of Congress Classification     Main Collection ARRUPE LIBRARY ARRUPE LIBRARY Main Collection 18/03/2015 9 DT2999.A97A3 2009 46500000880 21/05/2025 02/05/2025 2 18/03/2015 Monograph ( Printed materials)

 

Arrupe Library. PO Box MP320 Mt Pleasant, Harare, Zimbabwe
263 242 745411|librarian@aju.ac.zw